Свободата - тази земна благодат (Запис номер 108511)
[ съкратено ]
| 000 -Лидер | |
|---|---|
| Контролно поле с фиксирана дължина | 01768nam a2200397 c 4500 |
| 003 - Код на организацията, давaща контролен номер | |
| Контролно поле | BLK |
| 005 - Дата и час на последна редакция | |
| Контролно поле | 20180420230546.0 |
| 008 - Елементи от данни с фиксирана дължина | |
| fixed length control field | 180409b bul|||||r ||||||| ||bul|| |
| 010 ## - Наследен системен номер | |
| LC control number | KNG00113818000 |
| 020 ## - Международен стандартен номер на книга ISBN | |
| Международен стандартен номер на книга ISBN | 954-9502-41-4 |
| -- | издат.: Бълг. сбирка |
| 040 ## - Източник на каталожния запис | |
| Идентификатор на билиотеката - собственик на записа | BLK |
| 041 ## - Код за език | |
| Код за езика на текст/звукозапис или на отделно заглавие | Български |
| Код за езика КДБФ | Български |
| 080 ## - УДК | |
| Текстов определител УДК | История на Австрия и Австро-Унгария |
| УДК код - определител по УДК | 943.6 |
| УДК определител | (093) |
| УДК - код + определител | 943.6(093) |
| 080 ## - УДК | |
| Текстов определител УДК | История на Унгария. Вж и 943.6 |
| УДК код - определител по УДК | 943.9 |
| УДК определител | (093) |
| УДК - код + определител | 943.9(093) |
| 100 1# - Редна дума - Автор | |
| Автор | Кошут, Лайош |
| Авторска отговорност | първи автор |
| R(LIN) | 83708 |
| 139 ## - Редно поле | |
| Редна дума | Кошут, Лайош |
| Авторски знак | Кот - К 87 |
| 245 10 - Сведения за заглавието | |
| Заглавие | Свободата - тази земна благодат |
| Подзаглавни данни | Избрано |
| Редно поле (дума) | Лайош Кошут; състав. Жигмонд Тевели; предг. от Дьордь Арато; прев. Татяна Кръстева. |
| 257 ## - Страна на издаване | |
| Страна на създаване/издаване | Унгария |
| 260 ## - Област на издателските данни | |
| -- | София |
| Име на издателя, разпространителя и проч. | Бълг. сбирка |
| Година на издаване | 2004 |
| Печатница | София : Емпаст |
| 300 ## - Физическа характеристика | |
| Страници | 191 с. |
| Размери/Мащаб | 20 см |
| 380 ## - Жанр | |
| Жанр | История |
| 500 ## - Общи забележки | |
| Забележка | Без сведение за ориг. загл. - Съдържа и Изявление (Отговор на откритото писмо на Лайош Кошут) / Ференц Деак |
| 650 #4 - Допълнително описание по предмет – тема | |
| Основно описание – тема или топоним | Унгария - история |
| 9 (RLIN) | 275670 |
| 650 #4 - Допълнително описание по предмет – тема | |
| Основно описание – тема или топоним | Австро-Унгария - история |
| 9 (RLIN) | 243128 |
| 653 ## - Ключова дума – ненормативна | |
| Ключова дума | Унгария |
| 653 ## - Ключова дума – ненормативна | |
| Ключова дума | Австро-Унгария |
| 653 ## - Ключова дума – ненормативна | |
| Ключова дума | история |
| 700 1# - Други автори (авторска отговорност) | |
| Лично име | Тевели, Жигмонд |
| Автороска отговорност (Описва отношението между автора и произведението) | състав. |
| 9 (RLIN) | 128136 |
| 700 1# - Други автори (авторска отговорност) | |
| Лично име | Арато, Дьордь |
| Автороска отговорност (Описва отношението между автора и произведението) | предг. от |
| 9 (RLIN) | 33295 |
| 700 1# - Други автори (авторска отговорност) | |
| Лично име | Кръстева, Татяна |
| Автороска отговорност (Описва отношението между автора и произведението) | прев. |
| 9 (RLIN) | 307289 |
| 852 ## - Местоположение | |
| Форматна сигнатура | Цб 220126 |
| 856 4# - Електронен адрес и достъп | |
| Електронен формат | pdf - файл |
| Път до файла /url/ | |
| 856 4# - Електронен адрес и достъп | |
| Електронен формат | pdf - файл |
| Път до файла /url/ | |
| 942 ## - АРТИКУЛИ | |
| Вид на библиотечния материал | Книги |
| Скрит в OPAC | Не |
| 944 ## - СЪЗДАВАНЕ И РЕДАКЦИЯ на ЗАПИСА | |
| Създаване/Редакция | Създаване |
| Дата на регистрацията/редакция | 30.06.2004 |
| Служител, извършил регистрацията/редакцията | Геновева_Генчева |
| 944 ## - СЪЗДАВАНЕ И РЕДАКЦИЯ на ЗАПИСА | |
| Създаване/Редакция | Редакция |
| Дата на регистрацията/редакция | 07.01.2005 |
| Служител, извършил регистрацията/редакцията | |
| 999 ## - СИСТЕМНИ КОНТРОЛНИ НОМЕРА | |
| Koha biblionumber | 108511 |
| Koha biblioitemnumber | 108511 |
| Код за отписване | Код за изгубен артикул | Източник на класификационната схема | Код за повреда | Коз за рестрикции | Код за отдаване | Артикулен № | Име на библиотеката - собственик | Име на библиотеката, в която се намира в момента | Статус (Текущо местоположение) | Дата на вписване в системата | Местоположение - отдел | Цена в лева | Инвентарен номер | Систематично азбучна сигнатура | Баркод | Номер на екземпляра | Цена в евро | Служебна бележка | Служебен тип на артикула |
|---|---|---|---|---|---|---|---|---|---|---|---|---|---|---|---|---|---|---|---|
| Изтеглен | Не е изгубен | Universal Decimal Classification | Не е повреден | без рестрикции | заемане за дома | 174971 | Регионална библиотека "Любен Каравелов" Русе | Регионална библиотека "Любен Каравелов" Русе | Заемна - подръчен фонд | 2004-06-30 | Заемна - подръчен фонд | 5.00 | 120000686573 | П 941/949/К 87 | 120000686573 | 1 | 2.56 | Дост: DA Вид: А N: 16 Дата: 30.06.2004 | Книги |
| Не е изгубен | Не е повреден | без рестрикции | ползва се в читалня | 174972 | Регионална библиотека "Любен Каравелов" Русе | Регионална библиотека "Любен Каравелов" Русе | Хранилище | 2004-11-11 | Хранилище | 5.00 | 120000690022 | Цб 220126 | 120000690022 | 2 | 2.56 | Дост: Dp Вид: Д N: 5 Дата: 21.01.2004 | Книги |